|
|
|
|
| LEADER |
00000nam a22000007a 4500 |
| 005 |
20210819132941.0 |
| 007 |
cr|||| |||| |
| 008 |
210819s2015 br |||||s|||| 00||0 por d |
| 020 |
|
|
|a 978-85-8310-051-5
|
| 035 |
|
|
|a 35104
|
| 040 |
|
|
|a vLex
|
| 090 |
|
|
|c 12065
|d 12065
|
| 100 |
1 |
|
|a Ferreira Castellani, Fernando
|
| 245 |
1 |
1 |
|a O imposto sobre a renda e as deduė̳s de natureza constitucional
|h [Recurso electrn̤ico] /
|c Fernando Ferreira Castellani
|
| 256 |
|
|
|a Servicio en ln̕ea
|
| 260 |
|
|
|a San Pablo:
|b Editora Noeses,
|c 2015
|
| 300 |
|
|
|a 1 recurso electrn̤ico
|
| 500 |
|
|
|a O autor discorre sobre os enunciados prescritivos constitucionais acerca do imposto sobre a renda no que se refere s̉ deduė̳s relacionadas ̉dignidade e aos direitos fundamentais. Demostra que os conceitos de renda, de capacidade contributiva, de mn̕imo vital e de mn̕imo digno, devem ser amplamente discutidos e inter-relacionados para a busca de uma tributaȯ̂ justa. A totalidade das despesas relacionadas aos custos pessoais e familiares referentes ̉manutenȯ̂ da vida deve ser exclud̕a do conceito de capacidade contributiva e de renda tributv̀el, sob pena de violaȯ̂ dos mais bs̀icos princp̕ios aplicados ao imposto sobre a renda.
|
| 506 |
1 |
|
|a Disponible solo en los productos indicados
|d vLex Global
|d vLex Global (Academic Edition, excluding Law Schools)
|d vLex Global (U.S. Academic Edition, Law Schools)
|d vLex Global (U.S. Academic Edition, excluding Law Schools)
|d vLex Global (Academic Edition, Law Schools)
|
| 650 |
0 |
4 |
|a Derecho Tributario
|z Brasil
|
| 740 |
0 |
|
|a vLex Libros (Servicio en ln̕ea)
|
| 856 |
4 |
0 |
|u https://app.vlex.com/#/sources/35104
|z Acceso restringido
|
| 942 |
|
|
|c BOOK
|
| 999 |
0 |
|
|a Tax Law
|